00393nam a22001457a 450000500170000000800410001704100080005808200220006610000120008824500460010026000520014630000090019850000250020750000150023220250409144730.0250409b |||||||| |||| 00| 0 eng d amar a891.46bSAG 22539 aSagat A aMatang ani Sanskrutik Rashtrasangh Bharat aPunebBharatiya Vichar Sadhana Prakashan c2021 a200p aMarathi Literature  aLiterature